|
|
|
|
| LEADER |
00000cam a2200000 7i4500 |
| 001 |
0000000250 |
| 005 |
20011113.0 |
| 090 |
0 |
0 |
|a R346.04675595
|b MAL
|
| 110 |
1 |
0 |
|a MALAYSIA
|
| 240 |
0 |
0 |
|a Akta Perhutanan Negara (Pindaan) 1993
|
| 245 |
0 |
0 |
|a Akta Perhutanan Negara (Pindaan) 1993 (Akta A864)
|
| 260 |
0 |
0 |
|a Kuala Lumpur :
|b dicetak oleh Jabatan Percetakan Negara ,
|c 1993
|
| 300 |
|
|
|a 19 p. ;
|c 26 cm.
|
| 440 |
0 |
0 |
|a Undang-undang Malaysia
|
| 650 |
0 |
0 |
|a Forestry law and legislation
|z Malaysia
|
| 998 |
|
|
|a JPSM
|
| 999 |
|
|
|a 0000001428
|b Monograph
|c Reference
|e Default branch
|
| 999 |
|
|
|a 0000001965
|b Monograph
|c Reference
|e Default branch
|